书目信息 |
| 题名: |
公共关系学新论:组织形象管理
|
|
| 作者: | 袁传荣 , 宋林飞 主编 | |
| 分册: | ||
| 出版信息: | 南京 南京大学出版社 1990.10 |
|
| 页数: | 374页 | |
| 开本: | 32开 | |
| 丛书名: | ||
| 单 册: | ||
| 中图分类: | C912.3 | |
| 科图分类: | ||
| 主题词: | 社会结构 , 社会关系 | |
| 电子资源: | ||
| ISBN: | 7-305-00904-0 | |
| 000 | 00673nam0 2200217 45 | |
| 001 | 0009090999 | |
| 005 | 20000909094646.6 | |
| 010 | @a7-305-00904-0@d13.00元 | |
| 100 | @a20000909d1990 km y0chiy0120 ea | |
| 101 | 0 | @achi |
| 105 | @a z 000yy | |
| 200 | 1 | @a公共关系学新论:组织形象管理@AGong Gong Guan Xi Xue Xin Lun:Zu Zhi Xing Xiang Guan Li@f袁传荣,宋林飞主编@FYuan Chuan Rong,Song Lin Fei Zhu Bian |
| 210 | @a南京@c南京大学出版社@d1990.10 | |
| 215 | @a374页@d32开 | |
| 606 | 0 | @a社会结构 |
| 606 | 0 | @a社会关系 |
| 690 | @aC912.3@v3 | |
| 701 | 0 | @a袁传荣@4主编 |
| 701 | 0 | @a宋林飞@4主编 |
| 801 | @aCN@bPftUser@c20000909 | |
| 905 | @b130880-884@dC912.3@eY727@f5 | |
| 公共关系学新论:组织形象管理/袁传荣,宋林飞主编.-南京:南京大学出版社,1990.10 |
| 374页;32开 |
| ISBN 7-305-00904-0:13.00元 |
| ● |
| 相关链接 |
|
|
|
正题名:公共关系学新论:组织形象管理
索取号:C912.3/Y727
 
预约/预借
| 序号 | 登录号 | 条形码 | 馆藏地/架位号 | 状态 | 备注 |
| 1 | 130880 | 201308806 | 社科库509/509社科库 59排5列1层/ [索取号:C912.3/Y727] | 在馆 | |
| 2 | 130881 | 201308815 | 社科库509/509社科库 59排5列1层/ [索取号:C912.3/Y727] | 在馆 | |
| 3 | 130882 | 201308824 | 社科库509/509社科库 59排5列1层/ [索取号:C912.3/Y727] | 在馆 | |
| 4 | 130883 | 201308833 | 社科库509/509社科库 59排5列1层/ [索取号:C912.3/Y727] | 在馆 | |
| 5 | 130884 | 201308842 | 社科库509/509社科库 59排5列1层/ [索取号:C912.3/Y727] | 在馆 |